00543nam a2200157 i 450000100060000000300090000600700030001500800410001810000220005924500870008126000310016830000200019949000730021983000700029285200230036245794ES-MaACLt|030327s1837 it ||||1| ita d1 aColletta, Pietro.10aStoria del Reame di Napoli dal 1734 sino al 1825 del Generale / cPietro Colletta. aParigi : bBandry, c1837. a2 v. ; c22 cm.1 aCollezione de migliori autori italiani antichi e moderni ; v35 y 360 aCollezione de' miglori autori italiani antichi e moderniv35 y 36 aES-MaACLjG-2895-6